000 006030000a22001810004500
003 MACL
005 20160331125544.0
008 160331b xxu||||| |||| 00| 0 eng d
040 _aMACL
_cMACL
041 _aHindi
082 _a330
100 _aडॉ ओपी शर्मा
_949221
245 _aभा‍रतीय अर्थव्‍यवस्‍था की आधुनिक प्रवृत्तियॉ
260 _bसबलाइम पब्लिकेशन्‍स
_c1999
_aजयपुर
350 _a400
650 _aEconomics
_949222
942 _cHIN
_k330.1254
_2ddc
999 _c9173
_d9173